<?xml version="1.0" encoding="UTF-8"?><?xml-stylesheet type="text/xsl" href="static/style.xsl"?><OAI-PMH xmlns="http://www.openarchives.org/OAI/2.0/" xmlns:xsi="http://www.w3.org/2001/XMLSchema-instance" xsi:schemaLocation="http://www.openarchives.org/OAI/2.0/ http://www.openarchives.org/OAI/2.0/OAI-PMH.xsd"><responseDate>2026-04-13T11:47:38Z</responseDate><request verb="GetRecord" identifier="oai:www.recercat.cat:2117/389849" metadataPrefix="marc">https://recercat.cat/oai/request</request><GetRecord><record><header><identifier>oai:recercat.cat:2117/389849</identifier><datestamp>2025-07-23T05:19:57Z</datestamp><setSpec>com_2072_1033</setSpec><setSpec>col_2072_452951</setSpec></header><metadata><record xmlns="http://www.loc.gov/MARC21/slim" xmlns:dcterms="http://purl.org/dc/terms/" xmlns:xsi="http://www.w3.org/2001/XMLSchema-instance" xmlns:doc="http://www.lyncode.com/xoai" xsi:schemaLocation="http://www.loc.gov/MARC21/slim http://www.loc.gov/standards/marcxml/schema/MARC21slim.xsd">
   <leader>00925njm 22002777a 4500</leader>
   <datafield ind2=" " ind1=" " tag="042">
      <subfield code="a">dc</subfield>
   </datafield>
   <datafield ind2=" " ind1=" " tag="720">
      <subfield code="a">Garcia Fernandez, Adria</subfield>
      <subfield code="e">author</subfield>
   </datafield>
   <datafield ind2=" " ind1=" " tag="260">
      <subfield code="c">2023-05-16</subfield>
   </datafield>
   <datafield ind2=" " ind1=" " tag="520">
      <subfield code="a">El objetivo de este proyecto es crear un nuevo software de picking por voz para un almacén logístico. Se focalizará en almacenes logísticos de empresas relacionadas con Binari Software. Pretende construir un sistema de reconocimiento vocal centrado en las operaciones logísticas dentro de un almacén logístico. El software actual, del cual partiremos, está desarrollado con un software monolítico que se comunica vía socket con el terminal de voz propietario y especializado. La idea es crear un servicio que utilice Web Services para conectar con las reglas de negocio para la gestión de almacén y que se pueda incorporar en cualquier operación de gestión de almacén. Así, se añadirá al proceso de picking por pantalla y con lector de código de barras la alternativa de diálogos de voz que nos indiquen las acciones a realizar y obtengan nuestra confirmación. El patrón de diseño que usa este tipo de software es el patrón estado o máquina de estados, el cuál se adapta perfectamente a los diálogos de voz. Antes de comenzar, haré un estudio del estado del arte para evaluar diferentes motores de reconocimiento de voz, ya sean OpenSource o propietarios. Para el reconocimiento de voz también hay que tener en cuenta si usaré voz entrenada por un usuario o voz no entrenada, la cuál tiene sus ventajas. Elegiremos una u otra opción en función de los costes, disponibilidad y fiabilidad de cada una.</subfield>
   </datafield>
   <datafield ind2=" " ind1=" " tag="520">
      <subfield code="a">The objective of this project is to create a new voice picking software for a logistics warehouse. It will focus on logistics warehouses of companies related to Binari Software. The aim is to build a voice recognition system focused on logistics operations within a logistics warehouse. The current software, which will be used as a starting point, is developed with a monolithic software that communicates via socket with the proprietary and specialized voice terminal. The idea is to create a service that uses Web Services to connect with the business rules for warehouse management and can be incorporated into any warehouse management operation. Thus, the voice dialogue alternative will be added to the process of picking by screen and barcode reader, which will indicate the actions to be carried out and obtain our confirmation. The design pattern used by this type of software is the state pattern or state machine, which is perfectly suited for voice dialogues. Before starting, I will conduct a state-of-the-art study to evaluate different voice recognition engines, whether they are OpenSource or proprietary. For voice recognition, it is also necessary to consider whether I will use user-trained voice or untrained voice, which has its advantages. We will choose one or the other option depending on the costs, availability, and reliability of each one.</subfield>
   </datafield>
   <datafield tag="653" ind2=" " ind1=" ">
      <subfield code="a">Àrees temàtiques de la UPC::Enginyeria de la telecomunicació::Processament del senyal::Processament de la parla i del senyal acústic</subfield>
   </datafield>
   <datafield tag="653" ind2=" " ind1=" ">
      <subfield code="a">Automatic speech recognition</subfield>
   </datafield>
   <datafield tag="653" ind2=" " ind1=" ">
      <subfield code="a">XamarinForms</subfield>
   </datafield>
   <datafield tag="653" ind2=" " ind1=" ">
      <subfield code="a">Màquina estats</subfield>
   </datafield>
   <datafield tag="653" ind2=" " ind1=" ">
      <subfield code="a">NETCORE</subfield>
   </datafield>
   <datafield tag="653" ind2=" " ind1=" ">
      <subfield code="a">Android</subfield>
   </datafield>
   <datafield tag="653" ind2=" " ind1=" ">
      <subfield code="a">iOS</subfield>
   </datafield>
   <datafield tag="653" ind2=" " ind1=" ">
      <subfield code="a">API</subfield>
   </datafield>
   <datafield tag="653" ind2=" " ind1=" ">
      <subfield code="a">C#</subfield>
   </datafield>
   <datafield tag="653" ind2=" " ind1=" ">
      <subfield code="a">XamarinForms</subfield>
   </datafield>
   <datafield tag="653" ind2=" " ind1=" ">
      <subfield code="a">StateMachine</subfield>
   </datafield>
   <datafield tag="653" ind2=" " ind1=" ">
      <subfield code="a">Reconeixement automàtic de la parla</subfield>
   </datafield>
   <datafield ind2="0" ind1="0" tag="245">
      <subfield code="a">Picking por voz en un almacén logístico</subfield>
   </datafield>
   <datafield ind2="0" ind1="0" tag="245">
      <subfield code="a">Picking per veu a un magatzem logístic</subfield>
   </datafield>
</record></metadata></record></GetRecord></OAI-PMH>